000 00707nam a2200217Ii 4500
003 JO-AjNU
008 230605s9999||||xx |||||||||||||| ||und||
017 _a1993/11278
020 _a977-200-079-1
040 _aJO-AjNU
_bara
_erda
_cJO-AjNU
041 _aara
050 1 4 _aGV211.K39 1993
100 3 _aتاليف كاشف، عزت محمود,
_eauthor
_942583
245 0 0 _aالتخطيط في التدريب الرياضي
264 3 1 _aالقاهرة: مكتبة النهضة المصرية، 1993
300 _a332ص
336 _atext
_btxt
_2rdacontent
337 _aunmediated
_bn
_2rdamedia
338 _avolume
_bnc
_2rdacarrier
650 4 _aالتدريب الرياضي- تخطيط
_942584
999 _aA18244
_c21812
_d21812